000 00408nam a22001697a 4500
003 OSt
008 230325b |||||||| |||| 00| 0 eng d
020 _a9789354498565
082 _a658.812 PEC
100 _aPEELEN,ED
245 _aCustomer Relationship Management
250 _aIMP1st
260 _aUP
_bPearson
_c2022
300 _a433
650 _aCustomer Relationship Management
942 _2ddc
_cREF
999 _c11882
_d11882